000
00285nam a2200097Ia 4500
001
1226822
005
20250827093011.0
008
250824s9999 xx 000 0 und d
245
0
_a
KANGURULAR ÜLKESİ AVUSTRALYAYA YOLCULUK (L2)
_c
GÜLTEN DAYIOĞLU
260
_b
ALTIN KİTAPLAR YAYINEVİ
999
_c
1226822
_d
1226822